|
|
|
|
| LEADER |
00000cam a2200000 7i4500 |
| 001 |
0000000182 |
| 005 |
20000719.0 |
| 020 |
0 |
0 |
|a 9679783863
|
| 090 |
0 |
0 |
|a 305.8992305951
|b KHO 1995
|
| 100 |
1 |
0 |
|a KHOO
|h Kay Kim
|f Dato'
|
| 245 |
1 |
0 |
|a Malay society: transformation & democratisation :
|b A stimulating and discerning study on the evolution of Malay society through the passage of time
|c Khoo Kay Kim
|
| 260 |
0 |
0 |
|a Petaling Jaya, Selangor :
|b Pelanduk Pub. ,
|c 1995
|
| 300 |
|
|
|a 312 p. ;
|c 18 cm.
|
| 500 |
0 |
0 |
|a Includes index
|
| 650 |
0 |
0 |
|a Malays (Asian People)
|x Historiography
|
| 650 |
0 |
0 |
|a Malays (Asian people)
|z Malaya
|x Social life and customs
|
| 650 |
0 |
0 |
|a Malays
|x History
|
| 999 |
|
|
|a 0000001093
|b Monograph
|c Open Shelf
|e Default branch
|
| 999 |
|
|
|a 0000001357
|b Monograph
|c Open Shelf
|e Default branch
|